UBT Library

The ultimate guide to choosing a medical specialty / (Record no. 910)

000 -LEADER
fixed length control field 00575nam a22002057a 4500
008 - FIXED-LENGTH DATA ELEMENTS--GENERAL INFORMATION
fixed length control field 150527b xxu||||| |||| 00| 0 eng d
020 ## - INTERNATIONAL STANDARD BOOK NUMBER
International Standard Book Number 9780071790277
041 0# - LANGUAGE CODE
Language code of text/sound track or separate title eng
080 ## - UNIVERSAL DECIMAL CLASSIFICATION NUMBER
Universal Decimal Classification number 615.03
100 ## - Rafti
Rafti Freeman, Brian S.
245 04 - TITLE STATEMENT
Title The ultimate guide to choosing a medical specialty /
Statement of responsibility, etc [edited by] Brian S. Freeman.
250 ## -
-- 3rd ed.
260 ## -
-- New York :
-- McGraw-Hill Medical,
-- c2013.
300 ## -
-- 504 f. :
-- me il. ;
-- 23 cm.
650 #0 -
-- Mjekësi
650 12 -
-- Specializim
650 22 -
-- Intership
650 22 -
-- Praktik profesionale
942 ## - ADDED ENTRY ELEMENTS (KOHA)
Source of classification or shelving scheme
Item type Books
Holdings
Withdrawn status Lost status Source of classification or shelving scheme Damaged status Not for loan Collection code Permanent location Current location Shelving location Date acquired Total Checkouts Full call number Barcode Date last seen Koha item type Price effective from
          Koleksioni i përgjithshem UBT - Lipjan UBT - Lipjan Koleksioni i përgjithshem 05/27/2015   615.03 FRE 002-008035 05/27/2015 Books  
          Koleksioni i përgjithshem UBT - Lipjan UBT - Lipjan Koleksioni i përgjithshem 09/28/2015   615.03 FRE 002-008026 01/26/2017 Books 09/28/2015
          Koleksioni i përgjithshem UBT - Lipjan UBT - Lipjan Koleksioni i përgjithshem 09/28/2015   615.03 FRE 002-008025 09/28/2015 Books 09/28/2015
          Koleksioni i përgjithshem UBT - Lipjan UBT - Lipjan Koleksioni i përgjithshem 09/28/2015   615.03 FRE 002-008030 09/28/2015 Books 09/28/2015
          Koleksioni i përgjithshem UBT - Lipjan UBT - Lipjan Koleksioni i përgjithshem 09/28/2015   615.03 FRE 002-008031 09/28/2015 Books 09/28/2015
          Koleksioni i përgjithshem UBT - Lipjan UBT - Lipjan Koleksioni i përgjithshem 09/28/2015   615.03 FRE 002-008032 09/28/2015 Books 09/28/2015
          Koleksioni i përgjithshem UBT - Lipjan UBT - Lipjan Koleksioni i përgjithshem 09/28/2015   615.03 FRE 002-008033 09/28/2015 Books 09/28/2015
          Koleksioni i përgjithshem UBT - Lipjan UBT - Lipjan Koleksioni i përgjithshem 09/28/2015   615.03 FRE 002-008034 09/28/2015 Books 09/28/2015
          Koleksioni i përgjithshem UBT - Lipjan UBT - Lipjan Koleksioni i përgjithshem 12/08/2015   615.03 FRE 002-008764 12/08/2015 Books 12/08/2015
          Koleksioni i përgjithshem UBT - Prishtine UBT - Prishtine Koleksioni i përgjithshem 06/02/2015   338 GOL   06/02/2015 Books 06/02/2015
UBT Library © 2015-2024. All rights reserved University Education for Business and Technology